Effective project management : traditional, agile, extreme / (Record no. 262)

000 -LEADER
fixed length control field 01043cam a22002778a 4500
001 - CONTROL NUMBER
control field 15599093
003 - CONTROL NUMBER IDENTIFIER
control field OSt
005 - DATE AND TIME OF LATEST TRANSACTION
control field 20140116120822.0
008 - FIXED-LENGTH DATA ELEMENTS--GENERAL INFORMATION
fixed length control field 090126s2009 inu b 001 0 eng
010 ## - LIBRARY OF CONGRESS CONTROL NUMBER
LC control number 2009001889
020 ## - INTERNATIONAL STANDARD BOOK NUMBER
International Standard Book Number 9780470423677
040 ## - CATALOGING SOURCE
Original cataloging agency DLC
Transcribing agency DLC
050 00 - LIBRARY OF CONGRESS CALL NUMBER
Classification number HD69.P75W96 2009
100 1# - MAIN ENTRY--PERSONAL NAME
Personal name Wysocki, Robert K.
245 10 - TITLE STATEMENT
Title Effective project management : traditional, agile, extreme /
Statement of responsibility, etc Robert K. Wysocki.
250 ## - EDITION STATEMENT
Edition statement 5th ed.
260 ## - PUBLICATION, DISTRIBUTION, ETC. (IMPRINT)
Place of publication, distribution, etc Indianapolis, IN :
Name of publisher, distributor, etc Wiley Technology Pub.,
Date of publication, distribution, etc 2009.
263 ## - PROJECTED PUBLICATION DATE
Projected publication date 0904
300 ## - PHYSICAL DESCRIPTION
Extent lviii, 734p. :
Other physical details ill.
504 ## - BIBLIOGRAPHY, ETC. NOTE
Bibliography, etc Includes bibliographical references and index.
505 ## - FORMATTED CONTENTS NOTE
Formatted contents note Defining and using project management process groups-- Establishing project management life cycles and strategies-- An effective project management infrustructure-- Managing the realities of projects
650 #0 - SUBJECT ADDED ENTRY--TOPICAL TERM
Topical term or geographic name as entry element Project management.
906 ## - LOCAL DATA ELEMENT F, LDF (RLIN)
a 7
b cbc
c orignew
d 1
e ecip
f 20
g y-gencatlg
942 ## - ADDED ENTRY ELEMENTS (KOHA)
Source of classification or shelving scheme
Koha item type Book
Holdings
Withdrawn status Lost status Source of classification or shelving scheme Damaged status Not for loan Home library Current library Date acquired Source of acquisition Total Checkouts Total Renewals Full call number Barcode Date last seen Date checked out Copy number Price effective from Koha item type
          Riara University Library Riara University Library 13/10/2011 Purchase 6 1 HD69.P75W96 2009 2581/11 24/03/2018 13/03/2018 C.1 13/10/2011 Book
          Riara University Library Riara University Library 13/10/2011 Purchase 15 1 HD69.P75W96 2009 2579/11 14/02/2018 27/01/2018 C.2 13/10/2011 Book
          Riara University Library Riara University Library 13/10/2011 Purchase 12 3 HD69.P75W96 2009 2580/11 26/01/2023 12/01/2023 C.3 13/10/2011 Book

Riara University Library,
P.O. Box 49940-00100,
Nairobi, Kenya.